<?xml version="1.0" encoding="UTF-8"?>
<collection xmlns="http://www.loc.gov/MARC21/slim">
 <record>
  <leader>04930nam a22004695i 4500</leader>
  <controlfield tag="001">978-3-319-29272-4</controlfield>
  <controlfield tag="003">DE-He213</controlfield>
  <controlfield tag="005">20210625222637.0</controlfield>
  <controlfield tag="007">cr nn 008mamaa</controlfield>
  <controlfield tag="008">160520s2016    gw |    s    |||| 0|eng d</controlfield>
  <datafield tag="020" ind1=" " ind2=" ">
   <subfield code="a">9783319292724</subfield>
   <subfield code="9">978-3-319-29272-4</subfield>
  </datafield>
  <datafield tag="024" ind1="7" ind2=" ">
   <subfield code="a">10.1007/978-3-319-29272-4</subfield>
   <subfield code="2">doi</subfield>
  </datafield>
  <datafield tag="050" ind1=" " ind2="4">
   <subfield code="a">HD30.2</subfield>
  </datafield>
  <datafield tag="072" ind1=" " ind2="7">
   <subfield code="a">KJQ</subfield>
   <subfield code="2">bicssc</subfield>
  </datafield>
  <datafield tag="072" ind1=" " ind2="7">
   <subfield code="a">COM005030</subfield>
   <subfield code="2">bisacsh</subfield>
  </datafield>
  <datafield tag="072" ind1=" " ind2="7">
   <subfield code="a">KJQ</subfield>
   <subfield code="2">thema</subfield>
  </datafield>
  <datafield tag="082" ind1="0" ind2="4">
   <subfield code="a">658.4038</subfield>
   <subfield code="2">23</subfield>
  </datafield>
  <datafield tag="245" ind1="1" ind2="0">
   <subfield code="a">Enacting Research Methods in Information Systems: Volume 3</subfield>
   <subfield code="h">[electronic resource] /</subfield>
   <subfield code="c">edited by Leslie P. Willcocks, Chris Sauer, Mary C. Lacity.</subfield>
  </datafield>
  <datafield tag="250" ind1=" " ind2=" ">
   <subfield code="a">1st ed. 2016.</subfield>
  </datafield>
  <datafield tag="264" ind1=" " ind2="1">
   <subfield code="a">Cham :</subfield>
   <subfield code="b">Springer International Publishing :</subfield>
   <subfield code="b">Imprint: Palgrave Macmillan,</subfield>
   <subfield code="c">2016.</subfield>
  </datafield>
  <datafield tag="300" ind1=" " ind2=" ">
   <subfield code="a">VIII, 308 p.</subfield>
   <subfield code="b">online resource.</subfield>
  </datafield>
  <datafield tag="336" ind1=" " ind2=" ">
   <subfield code="a">text</subfield>
   <subfield code="b">txt</subfield>
   <subfield code="2">rdacontent</subfield>
  </datafield>
  <datafield tag="337" ind1=" " ind2=" ">
   <subfield code="a">computer</subfield>
   <subfield code="b">c</subfield>
   <subfield code="2">rdamedia</subfield>
  </datafield>
  <datafield tag="338" ind1=" " ind2=" ">
   <subfield code="a">online resource</subfield>
   <subfield code="b">cr</subfield>
   <subfield code="2">rdacarrier</subfield>
  </datafield>
  <datafield tag="347" ind1=" " ind2=" ">
   <subfield code="a">text file</subfield>
   <subfield code="b">PDF</subfield>
   <subfield code="2">rda</subfield>
  </datafield>
  <datafield tag="505" ind1="0" ind2=" ">
   <subfield code="a">Introduction- Leslie Willcocks, Chris Sauer and Mary Lacity -- PART VI. DESIGN SCIENCE APPROACHES -- Chapter 19: McKay, J., Marshall, P., and Hirschheim, R. (2012), “The design construct in information systems design science,” JIT, Vol. 27, pp. 125–139 -- Chapter 20: Arnott, D., and Pervan, G., (2014) “A critical analysis of decision support systems research revisited: the rise of design science,” JIT, Vol 29, pp. 269-293 -- Chapter 21: Hanseth, O., and Lyytinen, K. (2010), “Design theory for dynamic complexity in information infrastructures: the case of building the internet.” JIT, Vol. 25, pp. 1-19 -- Chapter 22: Heinrich, L., and Riedi, R. (2013), “Understanding the dominance and advocacy of the design-oriented research approach in the business informatics community: a history-based examination,” JIT, Vol. 28, pp. 34-49 -- Chapter 23: Salmela, H. (2008), “Analysing business losses caused by information systems risk: a business process analysis approach,” JIT, Vol. 23, pp. 185-202 -- PART VI. ALTERNATIVE APPROACHES -- Chapter 24: Price, R., and Shanks, G. (2005), “A semiotic information quality framework: development and comparative analysis,” JIT, Vol. 20, pp. 88-120 -- Chapter 25: Merali, Y. (2006), “Complexity and Information Systems: the emergent domain,” JIT, Vol. 21. Pp. 216-228 -- Chapter 26: Wilson, M. (2004), “A conceptual framework for studying gender in information systems research,” JIT, Vol. 19, pp. 81-92. .</subfield>
  </datafield>
  <datafield tag="520" ind1=" " ind2=" ">
   <subfield code="a">This edited three volume edition brings together significant papers previously published in the Journal of information Technology (JIT) over its 30 year publication history. The three volumes of Enacting Research Methods in Information Systems celebrate the methodological pluralism used to advance our understanding of information technology's role in the world today. In addition to quantitative methods from the positivist tradition, JIT also values methodological articles from critical research perspectives, interpretive traditions, historical perspectives, grounded theory, and action research and design science approaches. Volume 1 covers Critical Research, Grounded Theory, and Historical Approaches. Volume 2 deals with Interpretive Approaches and also explores Action Research. Volume 3 focuses on Design Science Approaches and discusses Alternative Approaches including Semiotics Research, Complexity Theory and Gender in IS Research. The Journal of Information Technology (JIT) was started in 1986 by Professors Frank Land and Igor Aleksander with the aim of bringing technology and management together and bridging the ‘great divide’ between the two disciplines. The Journal was created with the vision of making the impact of complex interactions and developments in technology more accessible to a wider audience. Retaining this initial focus, the JIT has gone on to extend into new and innovative areas of research such as the launch of JITTC in 2010. A high impact journal, JIT shall continue to publish leading trends based on significant research in the field. .</subfield>
  </datafield>
  <datafield tag="650" ind1=" " ind2="0">
   <subfield code="a">Management information systems.</subfield>
  </datafield>
  <datafield tag="650" ind1="1" ind2="4">
   <subfield code="a">Business Information Systems.</subfield>
   <subfield code="0">https://scigraph.springernature.com/ontologies/product-market-codes/522030</subfield>
  </datafield>
  <datafield tag="700" ind1="1" ind2=" ">
   <subfield code="a">Willcocks, Leslie P.</subfield>
   <subfield code="e">editor.</subfield>
   <subfield code="4">edt</subfield>
   <subfield code="4">http://id.loc.gov/vocabulary/relators/edt</subfield>
  </datafield>
  <datafield tag="700" ind1="1" ind2=" ">
   <subfield code="a">Sauer, Chris.</subfield>
   <subfield code="e">editor.</subfield>
   <subfield code="4">edt</subfield>
   <subfield code="4">http://id.loc.gov/vocabulary/relators/edt</subfield>
  </datafield>
  <datafield tag="700" ind1="1" ind2=" ">
   <subfield code="a">Lacity, Mary C.</subfield>
   <subfield code="e">editor.</subfield>
   <subfield code="4">edt</subfield>
   <subfield code="4">http://id.loc.gov/vocabulary/relators/edt</subfield>
  </datafield>
  <datafield tag="710" ind1="2" ind2=" ">
   <subfield code="a">SpringerLink (Online service)</subfield>
  </datafield>
  <datafield tag="773" ind1="0" ind2=" ">
   <subfield code="t">Springer Nature eBook</subfield>
  </datafield>
  <datafield tag="776" ind1="0" ind2="8">
   <subfield code="i">Printed edition:</subfield>
   <subfield code="z">9783319292717</subfield>
  </datafield>
  <datafield tag="776" ind1="0" ind2="8">
   <subfield code="i">Printed edition:</subfield>
   <subfield code="z">9783319292731</subfield>
  </datafield>
  <datafield tag="776" ind1="0" ind2="8">
   <subfield code="i">Printed edition:</subfield>
   <subfield code="z">9783319805276</subfield>
  </datafield>
  <datafield tag="856" ind1="4" ind2="0">
   <subfield code="u">https://doi.org/10.1007/978-3-319-29272-4</subfield>
  </datafield>
  <datafield tag="912" ind1=" " ind2=" ">
   <subfield code="a">ZDB-2-BUM</subfield>
  </datafield>
  <datafield tag="912" ind1=" " ind2=" ">
   <subfield code="a">ZDB-2-SXBM</subfield>
  </datafield>
  <datafield tag="950" ind1=" " ind2=" ">
   <subfield code="a">Business and Management (SpringerNature-41169)</subfield>
  </datafield>
  <datafield tag="950" ind1=" " ind2=" ">
   <subfield code="a">Business and Management (R0) (SpringerNature-43719)</subfield>
  </datafield>
 </record>
</collection>
